000 00661nam a2200265Ia 4500
005 20260121124416.0
008 008 260114s9999 xx 000 0 eng d
020 _a9780822387787
037 _aEBOOK
040 _aCRL
040 _beng
040 _cCRL
041 _2eng
041 _aeng
084 _qCRL
100 _aLan, Pei-Chia
_9975491
245 0 _aGlobal Cinderellas Migrant Domestics and Newly Rich Employers in Taiwan
260 _bDuke University Press
260 _bWalter de Gruyter
260 _c2006
856 _uhttps://doi.org/10.1515/9780822387787
942 _cEBOOK
999 _c1554372
_d1554372